| 000 | 007020000a22001810004500 | ||
|---|---|---|---|
| 003 | MACL | ||
| 005 | 20160608122034.0 | ||
| 008 | 160608b xxu||||| |||| 00| 0 eng d | ||
| 040 |
_aMACL _cMACL |
||
| 041 | _aHindi | ||
| 082 | _a920 | ||
| 100 |
_aहीरानन्दाणी, पोपटी रामचन्द _962953 |
||
| 245 |
_aमेरे जीवन के सुनहले रूपहले पन्ने _cपोपटी रामचन्द्र हीरानन्दाणी |
||
| 260 |
_bसाहित्य अकादेमी _c1992 _aदिल्ली |
||
| 350 | _a60 | ||
| 650 |
_aAutobiography _962954 |
||
| 942 |
_cHIN _k920/HER _2ddc |
||
| 999 |
_c20432 _d20432 |
||